1465 1422 1866 1276 1335 1981 1827 1617 1334 1288 1785 1868 1784 1752 1356 1529 1650 1239 1416 1314 1522 1435 1311 1370 1712 1112 1214 1201 1948 1272 1366 1124 1753 1531 1880 1921 1139 1751 1407 1097 1778 1616 1188 1991 1770 1439 1064 1151 1928 1987 1528 1208 1263 1119 1079 1790 1425 1849 1222 1750 1102 1128 1753 1985 1964 1488 1879 1160 1655 1814 1496 1591 1009 1535 1279 1224 1474 1548 1634 1908 1503 1089 1091 1525 1530 1480 1943 1948 1511 1183 1768 1171 1761 1469 1252 1992 1772 1138 1332 BCNSPRNW ULIB Ver.6.0+V

เปลี่ยนเป็นภาษาไทย

Change to English
 แสดงรายละเอียดบรรณานุกรม
  กลับหน้าหลัก

Brief Record : Get Marc (ISO 2709) : E-mail record : QR code < ปิดหน้าต่าง
LEADER : 00000nam 2200000uu 4500
001    13399121030
003     ULIB
008    121031s1998||||th 000 0 eng d
020    ^a0683304925 (hardcover) ^c^67.95
060  4 QS17^bR737c
100 1  ^aRohen, Johannes W.
245 10 ^aColor atlas of anatomy : ^ba photographic study of the human body / ^cJohannes W. Rohen, Chihiro Yokochi, Elke Lutjen-Drecoll.
250    ^a4th ed.
260    ^a[S.l.] : ^bWilliams & Wilkins, ^c1998.
300    ^a486 p. ; ^c30 cm.
520    ^aFollowing an "external to internal" presentation, each chapter of this atlas begins by describing the anatomical structure of the organs in a systematic manner, before moving on to regional anatomy. The examination of both superficial and deeper layers should make this text well-suited to students. Cross-sectional anatomy is becoming increasingly important, especially to clinicians, and additional MRI and CAT scans have been included to meet this need. The atlas is prefaced by a short introductory chapter which explains modern diagnostic imaging modalities.
650    ^a Anatomy ^xAtlas
700 1  ^aYokochi, Chihiro.
700 1  ^aLutjen-Drecoll, Elke.
945    ^p0^l0^i006034
995    ^a Kesorn
999    ^aวิภา
รายการนี้ยังไม่มีแท็ก
คุณยังไม่ได้ล็อกอิน คุณสามารถมีกิจกรรมร่วมกับเว็บไซต์ได้ แต่ต้องล็อกอินก่อน ::
  ล็อกอิน

รายการสื่อสารสนเทศ

ลำดับที่ ประเภท เลขเรียก/บาร์โค้ด สถานที่ สถานะ
1. วิทยาศาสตร์การแพทย์ และสุขภาพ
วิทยาศาสตร์การแพทย์ และสุขภาพ
สถานะ=หนังสือเก่า
QS17 R737c  
  Barcode: 006034
ห้องสมุดวิทยาเขตสวรรค์ประชารักษ์
►ส่วนจัดเก็บหนังสือเก่า สปร
บนชั้น
  ขอยืม

รายการใกล้เคียง
    ผู้แต่ง [Rohen, Johannes W.]

BibComment


ยังไม่เคยถูกคอมเมนท์

คอมเมนท์ทรัพยากรรายการนี้
  คอมเมนท์: Color atlas of a..


 Copyright 2026. Bcnsprnw @Library